000 00423nam a2200169 a 4500
001 14342
005 20180713202823.0
008 140415s1992 mx 000 0 spa d
041 _aspa
082 _a303.4
_bBOR
100 1 _aBORREGO E., SALVADOR
245 1 0 _aSOY LA REVOLUCION
250 _a2a ed.
260 _aMEXICO :
_bTIPOGRAFIAS EDITORIALES,
_c1992
300 _a99
650 1 4 _aCAMBIO SOCIAL
999 _c14342
_d14342